00270nam a22000857a 4500082001200000245011700012260002600129650001700155650001200172 a542 INS aTraining seminar on In search of excellence towards enhancement of quality and productivity in laboratories 2006 aColombobIchemcc2006 aproductivity aquality